[Event "TCh-TUR Super League 2014"]
[Site "Kocaeli TUR"]
[Date "2014.08.26"]
[Round "9.3"]
[Board "6"]
[White "Yildiz, Betul Cemre"]
[Black "Ozturk, Kubra"]
[Result "1/2-1/2"]
[WhiteTitle "WGM"]
[BlackTitle "WGM"]
[WhiteElo "2296"]
[BlackElo "2291"]
[WhiteTeam "Akdeniz Belediyesi Spor Kulubu"]
[BlackTeam "Besiktas Jimnastik Kulubu"]
[WhiteFideId "6302920"]
[BlackFideId "6302599"]
[EventDate "2014.08.18"]

1. d4 Nf6 2. Nf3 e6 3. c4 b6 4. g3 Ba6 5. Nbd2 Bb7 6. Bg2 Be7 7. O-O O-O 8. b3
c5 9. Bb2 cxd4 10. Nxd4 Bxg2 11. Kxg2 Nc6 12. Nxc6 dxc6 13. e4 Qd3 14. e5 Ne4
15. Nxe4 Qxe4+ 16. Qf3 Qc2 17. Qc3 Qe4+ 18. Qf3 Qc2 19. Qc3 1/2-1/2

[Event "TCh-TUR Super League 2014"]
[Site "Kocaeli TUR"]
[Date "2014.08.26"]
[Round "9.3"]
[Board "7"]
[White "Fedoseev, Vladimir3"]
[Black "Koksal, Ege"]
[Result "1-0"]
[WhiteTitle "GM"]
[BlackTitle "CM"]
[WhiteElo "2672"]
[BlackElo "2219"]
[WhiteTeam "Besiktas Jimnastik Kulubu"]
[BlackTeam "Akdeniz Belediyesi Spor Kulubu"]
[WhiteFideId "24130737"]
[BlackFideId "6317626"]
[EventDate "2014.08.18"]

1. e4 e5 2. Nf3 Nc6 3. Bb5 a6 4. Ba4 Nf6 5. O-O Be7 6. Re1 b5 7. Bb3 d6 8. c3
O-O 9. h3 Bb7 10. d4 Re8 11. Nbd2 Bf8 12. a3 h6 13. Bc2 Nb8 14. b4 Nbd7 15. Bb2
g6 16. c4 Bg7 17. dxe5 Nxe5 18. Nxe5 dxe5 19. Nb3 Nh5 20. Na5 Bc8 21. Qxd8 Rxd8
22. Rad1 Be6 23. Bd3 Nf4 24. Bf1 bxc4 25. Nxc4 f6 26. Na5 Rxd1 27. Rxd1 Bf8 28.
Rc1 Bd6 29. Nb7 Bd7 30. Nxd6 cxd6 31. Rd1 Bb5 32. Rxd6 Kf7 33. g3 Ne6 34. h4 Ke7
35. Rd2 Rc8 36. Bh3 Rc4 37. f3 Nd4 38. Bxd4 exd4 39. Kf2 d3 40. Bf1 Rc3 41. a4
Bc4 42. Ke3 Rb3 43. Bxd3 Bxd3 44. Rxd3 Rxb4 45. Rd4 Rb3+ 46. Kf4 Ra3 47. h5 g5+
48. Kg4 Ke6 49. Rb4 a5 50. Rb6+ Ke7 51. f4 gxf4 52. gxf4 Rxa4 53. Kf5 Rb4 54.
Re6+ Kf7 55. Rxf6+ Kg7 56. Rg6+ Kh7 57. Ra6 a4 58. e5 Kg7 59. Ra7+ Kf8 60. e6
Rc4 61. Ke5 Rc5+ 62. Kf6 Rc8 63. Rxa4 1-0

[Event "TCh-TUR Super League 2014"]
[Site "Kocaeli TUR"]
[Date "2014.08.26"]
[Round "9.3"]
[Board "8"]
[White "Aslan, Cagla Yaren"]
[Black "Soylemez, Cansu"]
[Result "1-0"]
[WhiteElo "1760"]
[BlackElo "1919"]
[WhiteTeam "Akdeniz Belediyesi Spor Kulubu"]
[BlackTeam "Besiktas Jimnastik Kulubu"]
[WhiteFideId "6324878"]
[BlackFideId "6315429"]
[EventDate "2014.08.18"]

1. e4 c5 2. Nf3 Nc6 3. d3 g6 4. g3 Bg7 5. Bg2 e5 6. O-O Nge7 7. Na3 d6 8. h4 Bg4
9. c3 O-O 10. Nc4 b5 11. Ne3 Bd7 12. h5 b4 13. Nh4 bxc3 14. bxc3 Rb8 15. Ng4
Bxg4 16. Qxg4 Qc8 17. Qf3 h6 18. Kh2 g5 19. Nf5 Nxf5 20. exf5 Rb6 21. Qe4 Qd8
22. Bd2 Qf6 23. Rab1 Rfb8 24. Rxb6 Rxb6 25. Qa4 Ne7 26. Qxa7 Rb2 27. Bc1 Rc2 28.
Qb8+ Bf8 29. Qb3 Rxc1 30. Rxc1 Qxf5 31. Kg1 g4 32. a4 Qxd3 33. Rd1 Qa6 34. Qb5
Qc8 35. a5 d5 36. Bxd5 Nxd5 37. Rxd5 e4 38. Qd7 Qa8 39. Rf5 Bg7 40. Rxf7 Bxc3
41. Qe6 1-0

[Event "TCh-TUR Super League 2014"]
[Site "Kocaeli TUR"]
[Date "2014.08.26"]
[Round "9.3"]
[Board "9"]
[White "Gokerkan, Cem Kaan"]
[Black "Acar, Utku Cengiz"]
[Result "1-0"]
[WhiteElo "2052"]
[BlackElo "1815"]
[WhiteTeam "Besiktas Jimnastik Kulubu"]
[BlackTeam "Akdeniz Belediyesi Spor Kulubu"]
[WhiteFideId "6336760"]
[BlackFideId "6358900"]
[EventDate "2014.08.18"]

1. e4 c5 2. c3 d6 3. d4 Nf6 4. Bd3 g6 5. h3 Bg7 6. Nf3 O-O 7. O-O Qc7 8. Bf4 Nh5
9. Be3 Rd8 10. Qd2 b6 11. a4 a6 12. Na3 Bb7 13. Bh6 e5 14. d5 Qe7 15. Bc2 Nd7
16. Be3 Rf8 17. g4 Nf4 18. Bxf4 exf4 19. Qxf4 Ne5 20. Nxe5 Bxe5 21. Qe3 g5 22.
Nc4 Bf4 23. Qf3 Kg7 24. Ne3 Qe5 25. Nf5+ Kg6 26. Kg2 Rh8 27. Ng3 Bc8 28. Nh5 Bd7
29. Rh1 b5 30. axb5 axb5 31. h4 h6 32. hxg5 hxg5 33. Rxa8 Rxa8 34. Nxf4+ gxf4
35. Rh5 Qxh5 36. gxh5+ Kg5 37. e5 Bg4 38. Qe4 Re8 39. h6 dxe5 40. h7 f5 41. Qxe5
f3+ 42. Kh2 Rxe5 43. h8=Q Re2 44. Qg7+ Kh5 45. Kg3 Rxc2 46. Kf4 Kh4 47. Qh6+ Bh5
48. Qg5+ 1-0

[Event "TCh-TUR Super League 2014"]
[Site "Kocaeli TUR"]
[Date "2014.08.26"]
[Round "9.3"]
[Board "10"]
[White "Temel, Burcu Melis"]
[Black "Arda, Cagil Irmak"]
[Result "1/2-1/2"]
[BlackTitle "WCM"]
[WhiteElo "1753"]
[BlackElo "1872"]
[WhiteTeam "Akdeniz Belediyesi Spor Kulubu"]
[BlackTeam "Besiktas Jimnastik Kulubu"]
[WhiteFideId "6345492"]
[BlackFideId "6351700"]
[EventDate "2014.08.18"]

1. e4 d6 2. d4 Nf6 3. Nc3 g6 4. g3 Bg7 5. Bg2 O-O 6. Nge2 Na6 7. O-O c5 8. h3
cxd4 9. Nxd4 Nc5 10. Be3 Bd7 11. Kh1 a6 12. f4 Rb8 13. f5 b5 14. a3 a5 15. b4
Na6 16. Rb1 Qc7 17. Nd5 Nxd5 18. exd5 axb4 19. axb4 Qc4 20. Nc6 Bxc6 21. dxc6
Nxb4 22. Rf4 Qc3 23. Bd2 Qxg3 24. Rb3 Qg5 25. Rbxb4 gxf5 26. Rh4 Qg6 27. Rh5 h6
28. Rbh4 Ra8 29. c3 Ra2 30. Bd5 Ra4 31. Rxa4 bxa4 32. Rh4 e6 33. Bf3 Rb8 34. Rb4
Rc8 35. Qxa4 Qg3 36. Bg2 Be5 37. Bf4 Bxf4 38. Rxf4 Rb8 39. c7 Rc8 40. Rc4 Qe1+
41. Kh2 Qe5+ 42. Kg1 Qe3+ 43. Kh1 Qe1+ 44. Kh2 Qe5+ 45. Kg1 Qe3+ 46. Kh2 1/2-1/2

[Event "TCh-TUR Super League 2014"]
[Site "Kocaeli TUR"]
[Date "2014.08.26"]
[Round "9.4"]
[Board "2"]
[White "Benidze, Davit"]
[Black "Miroshnichenko, Evgenij"]
[Result "1/2-1/2"]
[WhiteTitle "GM"]
[BlackTitle "GM"]
[WhiteElo "2458"]
[BlackElo "2602"]
[WhiteTeam "Kahramanmaras Buyuksehir Belediyesi Spor Kulubu"]
[BlackTeam "Tarsus Zeka Satranc Kulubu"]
[WhiteFideId "13603086"]
[BlackFideId "14102595"]
[EventDate "2014.08.18"]

1. d4 g6 2. c4 Bg7 3. Nc3 d6 4. e4 c5 5. dxc5 Bxc3+ 6. bxc3 dxc5 7. Qxd8+ Kxd8
8. Be3 b6 9. O-O-O+ Ke8 10. Bd3 Nc6 11. Nf3 Nf6 12. e5 Ng4 13. Be4 Bb7 14. e6 f5
15. Bd5 Kf8 16. h3 Nxe3 17. fxe3 Kg7 18. e4 Rhf8 19. exf5 Rxf5 20. Be4 Rf4 21.
Rhe1 Re8 22. Rd7 Ba8 23. Rc7 Ne5 24. Bxa8 Nd3+ 25. Kb1 Nxe1 26. Bc6 Nxf3 27.
gxf3 Ref8 28. Rxe7+ Kf6 29. Rxh7 Kxe6 30. Bd5+ Kd6 31. Rxa7 Rxf3 32. Bxf3 Ke5 1/2-1/2

[Event "TCh-TUR Super League 2014"]
[Site "Kocaeli TUR"]
[Date "2014.08.26"]
[Round "9.4"]
[Board "3"]
[White "Bayram, Yakup"]
[Black "Dastan, Muhammed Batuhan"]
[Result "0-1"]
[WhiteTitle "FM"]
[BlackTitle "IM"]
[WhiteElo "2268"]
[BlackElo "2432"]
[WhiteTeam "Tarsus Zeka Satranc Kulubu"]
[BlackTeam "Kahramanmaras Buyuksehir Belediyesi Spor Kulubu"]
[WhiteFideId "6300677"]
[BlackFideId "6300014"]
[EventDate "2014.08.18"]

1. a3 d5 2. d4 Nf6 3. Nf3 a6 4. Bf4 e6 5. e3 c5 6. c3 Nbd7 7. Bd3 Be7 8. Nbd2
Nh5 9. O-O Nxf4 10. exf4 g6 11. g3 b6 12. Ne5 Bb7 13. Qe2 Nxe5 14. fxe5 c4 15.
Bc2 b5 16. f4 h5 17. h3 Bc6 18. Kg2 Kd7 19. Rh1 Qb6 20. g4 a5 21. f5 b4 22.
fxe6+ fxe6 23. Bxg6 Rag8 24. gxh5 bxc3 25. bxc3 Qb2 26. Rhf1 Qxc3 27. Rac1 Rxg6+ 0-1

[Event "TCh-TUR Super League 2014"]
[Site "Kocaeli TUR"]
[Date "2014.08.26"]
[Round "9.4"]
[Board "4"]
[White "Isik, Engin Yasar"]
[Black "Goksel, Doga Cihan"]
[Result "0-1"]
[WhiteElo "2232"]
[BlackElo "2222"]
[WhiteTeam "Kahramanmaras Buyuksehir Belediyesi Spor Kulubu"]
[BlackTeam "Tarsus Zeka Satranc Kulubu"]
[WhiteFideId "6301886"]
[BlackFideId "6301924"]
[EventDate "2014.08.18"]

1. e4 c5 2. Nf3 e6 3. d4 cxd4 4. Nxd4 a6 5. c4 Nf6 6. Nc3 Qc7 7. Be2 b6 8. O-O
Bb7 9. Qc2 d6 10. Be3 Nbd7 11. f3 Be7 12. Rac1 O-O 13. Rfd1 Rac8 14. Bf1 Qb8 15.
Qf2 Bd8 16. Nc2 Bc7 17. Qh4 Ne5 18. Qh3 Rfe8 19. g4 Bd8 20. g5 Nfd7 21. Na3 f5
22. gxf6 Nxf6 23. Be2 Ng6 24. Bf1 d5 25. Bg2 dxc4 26. Ne2 b5 27. Nc2 Bc6 28. Kh1
Bc7 29. Rd2 Rcd8 30. Rcd1 Rxd2 31. Rxd2 Nf4 32. Nxf4 Bxf4 33. Qh4 Bxe3 34. Nxe3
Rd8 35. Rxd8+ Qxd8 36. e5 Qd3 37. Qf2 Nd5 38. Nxd5 Qd1+ 39. Qf1 Qxd5 40. Qe1 Qd3
41. f4 Bd5 42. a3 h6 43. Qc1 a5 44. Kg1 b4 45. axb4 axb4 46. Bxd5 Qxd5 47. Kf2
Qd3 48. Qa1 c3 49. bxc3 bxc3 50. Qa2 c2 51. Qxe6+ Kh7 52. f5 Qd2+ 53. Kf3 Qg5 0-1

[Event "TCh-TUR Super League 2014"]
[Site "Kocaeli TUR"]
[Date "2014.08.26"]
[Round "9.4"]
[Board "5"]
[White "Ozkan, Ervin"]
[Black "Erden, Kadir"]
[Result "1-0"]
[WhiteElo "2215"]
[BlackElo "2220"]
[WhiteTeam "Tarsus Zeka Satranc Kulubu"]
[BlackTeam "Kahramanmaras Buyuksehir Belediyesi Spor Kulubu"]
[WhiteFideId "6306004"]
[BlackFideId "6305776"]
[EventDate "2014.08.18"]

1. d4 Nf6 2. Bf4 c5 3. c3 cxd4 4. cxd4 Qb6 5. Qc2 Nc6 6. e3 d5 7. Nf3 g6 8. Be2
Bg7 9. O-O O-O 10. Nc3 Bf5 11. Qb3 Qxb3 12. axb3 Bg4 13. h3 Bxf3 14. Bxf3 Rfd8
15. Ra4 a6 16. Rfa1 Rac8 17. b4 e6 18. b5 axb5 19. Nxb5 Ne8 20. Na7 Ra8 21. Nxc6
Rxa4 22. Ne7+ Kf8 23. Nxg6+ hxg6 24. Rxa4 Ke7 25. Rb4 Rd7 26. Bd1 Nd6 27. Ba4
Rc7 28. Rb6 e5 29. dxe5 Nc4 30. Rb5 Ke6 31. Bb3 g5 32. Bg3 Bxe5 33. Bxe5 Nxe5
34. Bxd5+ Kd6 35. Bxb7 f6 36. f4 Rc1+ 37. Kh2 gxf4 38. exf4 Nd7 39. Bf3 Nc5 40.
Rb6+ Ke7 41. Rc6 1-0

[Event "TCh-TUR Super League 2014"]
[Site "Kocaeli TUR"]
[Date "2014.08.26"]
[Round "9.4"]
[Board "6"]
[White "Isgandarova, Khayala"]
[Black "Gvetadze, Sofio"]
[Result "1-0"]
[WhiteTitle "WIM"]
[BlackTitle "IM"]
[WhiteElo "2190"]
[BlackElo "2361"]
[WhiteTeam "Kahramanmaras Buyuksehir Belediyesi Spor Kulubu"]
[BlackTeam "Tarsus Zeka Satranc Kulubu"]
[WhiteFideId "13401823"]
[BlackFideId "13601440"]
[EventDate "2014.08.18"]

1. e4 c5 2. Nc3 Nc6 3. g3 g6 4. d3 Bg7 5. Be3 d6 6. Bg2 Nf6 7. h3 Bd7 8. Qd2 Nd4
9. Nd1 Bc6 10. c3 Ne6 11. f4 c4 12. Nf2 cxd3 13. Qxd3 Nd7 14. Ne2 Ndc5 15. Qc2
Rc8 16. O-O O-O 17. f5 Nc7 18. Bd4 Nd7 19. Bxg7 Kxg7 20. Qd2 gxf5 21. exf5 Bxg2
22. Kxg2 Nf6 23. Ng4 Ncd5 24. Nf4 Rc5 25. Rad1 Kh8 26. Nxd5 Rxd5 27. Qf4 Rxd1
28. Rxd1 Nxg4 29. hxg4 f6 30. Qd4 a6 31. g5 Qa5 32. g4 Qxa2 33. gxf6 exf6 34.
Qxd6 Kg7 35. Qd2 Qc4 36. Kf3 Rf7 37. g5 Qc6+ 38. Kg4 Qe4+ 39. Qf4 Qe2+ 40. Qf3
Qc4+ 41. Rd4 Qb5 42. gxf6+ Kxf6 43. Rd6+ Kg7 44. f6+ Kg8 45. Rd8+ Rf8 46. Qg3 h6
47. Rxf8+ Kxf8 48. Qd6+ Kg8 49. Qe6+ Kh8 50. Qc8+ Kh7 51. Qc7+ 1-0

[Event "TCh-TUR Super League 2014"]
[Site "Kocaeli TUR"]
[Date "2014.08.26"]
[Round "9.4"]
[Board "7"]
[White "Komut, Burak"]
[Black "Javakhadze, Zurab"]
[Result "0-1"]
[BlackTitle "IM"]
[WhiteElo "1951"]
[BlackElo "2423"]
[WhiteTeam "Tarsus Zeka Satranc Kulubu"]
[BlackTeam "Kahramanmaras Buyuksehir Belediyesi Spor Kulubu"]
[WhiteFideId "6309984"]
[BlackFideId "13603647"]
[EventDate "2014.08.18"]

1. d4 Nf6 2. Nf3 e6 3. c4 Bb4+ 4. Bd2 a5 5. g3 Nc6 6. Bg2 O-O 7. O-O Bxd2 8.
Nbxd2 d6 9. e4 e5 10. d5 Nb8 11. Ne1 c6 12. dxc6 bxc6 13. Nd3 c5 14. f4 Nc6 15.
f5 h6 16. h4 Nd4 17. Kh2 g5 18. Nf2 gxh4 19. gxh4 Kh7 20. Bh3 Bb7 21. Rg1 Qe7
22. Ng4 Nh5 23. Nxh6 Qxh4 24. Qg4 Qxg4 25. Nxg4 Rg8 26. Ne3 Nf4 27. Ng4 Rg5 28.
Nf6+ Kh6 29. Ng4+ Kg7 30. Nxe5 Nxh3 31. f6+ Kxf6 32. Ng4+ Ke7 33. Kxh3 Rh8+ 34.
Kg3 Ne2+ 0-1

[Event "TCh-TUR Super League 2014"]
[Site "Kocaeli TUR"]
[Date "2014.08.26"]
[Round "9.4"]
[Board "8"]
[White "Cemhan, Kardelen"]
[Black "Tulay, Seray"]
[Result "1-0"]
[WhiteTitle "WCM"]
[WhiteElo "2019"]
[BlackElo "1802"]
[WhiteTeam "Kahramanmaras Buyuksehir Belediyesi Spor Kulubu"]
[BlackTeam "Tarsus Zeka Satranc Kulubu"]
[WhiteFideId "6325670"]
[BlackFideId "6307787"]
[EventDate "2014.08.18"]

1. e4 e5 2. Nf3 Nc6 3. Nc3 Nf6 4. Bb5 d6 5. O-O Bg4 6. h3 Bh5 7. Re1 Qd7 8. Nd5
Bxf3 9. Qxf3 Be7 10. c3 a6 11. Ba4 b5 12. Bc2 a5 13. d3 O-O 14. Be3 Bd8 15.
Nxf6+ Bxf6 16. Rad1 Qe7 17. d4 exd4 18. cxd4 Nb4 19. Bb1 g6 20. a3 Na6 21. Bh6
Rfd8 22. Ba2 c5 23. e5 dxe5 24. dxe5 Rxd1 25. Qxa8+ Qd8 26. Qxd8+ Rxd8 27. exf6 1-0

[Event "TCh-TUR Super League 2014"]
[Site "Kocaeli TUR"]
[Date "2014.08.26"]
[Round "9.4"]
[Board "9"]
[White "Sevgi, Volkan"]
[Black "Yaran, Siar"]
[Result "1/2-1/2"]
[WhiteTitle "FM"]
[BlackTitle "CM"]
[WhiteElo "2142"]
[BlackElo "2041"]
[WhiteTeam "Tarsus Zeka Satranc Kulubu"]
[BlackTeam "Kahramanmaras Buyuksehir Belediyesi Spor Kulubu"]
[WhiteFideId "6325335"]
[BlackFideId "6323006"]
[EventDate "2014.08.18"]

1. e4 e5 2. Nc3 Nf6 3. Nf3 Nc6 4. g3 Nd4 5. Bg2 Nxf3+ 6. Bxf3 Bc5 7. Na4 Be7 8.
d4 d6 9. Nc3 O-O 10. O-O c6 11. dxe5 dxe5 12. Qe2 Be6 13. b3 Qa5 14. Nd1 Rfd8
15. Bb2 Ba3 16. Bc3 Bb4 17. Bxb4 Qxb4 18. c3 Qd6 19. Ne3 Qd3 20. Qxd3 Rxd3 21.
Rac1 Rad8 22. Rfd1 Kf8 23. Kf1 Rxd1+ 24. Rxd1 Rxd1+ 25. Nxd1 Ke7 26. Ke2 Kd6 27.
Kd3 a5 28. Ne3 Nd7 29. Bg2 b5 30. Kc2 b4 31. Bf1 Nb6 32. Be2 Kc5 33. Bg4 Bxg4
34. Nxg4 f6 35. f4 exf4 36. gxf4 f5 37. Nf2 fxe4 38. Nxe4+ Kd5 39. Kd3 Nd7 40.
c4+ Ke6 41. h3 Kf5 42. Ke3 g6 43. Nd6+ Ke6 44. Nb7 c5 45. Kf3 h6 46. Ke3 Ke7 47.
Ke4 Ke6 48. f5+ gxf5+ 49. Kf4 Kf6 50. h4 h5 51. Nd6 Nf8 52. Nxf5 Ng6+ 53. Ke4
Ke6 54. Ng7+ Kd6 55. Nxh5 Nxh4 56. Nf4 Kc6 57. Nd3 Kd6 1/2-1/2

[Event "TCh-TUR Super League 2014"]
[Site "Kocaeli TUR"]
[Date "2014.08.26"]
[Round "9.4"]
[Board "10"]
[White "Dogan, Sevval"]
[Black "Ayazmali, Gizem"]
[Result "1-0"]
[WhiteElo "1651"]
[BlackElo "1648"]
[WhiteTeam "Kahramanmaras Buyuksehir Belediyesi Spor Kulubu"]
[BlackTeam "Tarsus Zeka Satranc Kulubu"]
[WhiteFideId "6322565"]
[BlackFideId "6336590"]
[EventDate "2014.08.18"]

1. e4 e5 2. Nf3 Qe7 3. Nc3 c6 4. Be2 d6 5. d4 h6 6. Be3 Nf6 7. Qd3 Qc7 8. h3 Be7
9. O-O O-O 10. Nh2 d5 11. exd5 exd4 12. Qxd4 Nxd5 13. Nxd5 cxd5 14. c3 Be6 15.
Nf3 Nc6 16. Qd2 Bf6 17. Nd4 Nxd4 18. Bxd4 Qe7 19. Rad1 Bxd4 20. Qxd4 Rfd8 21.
Bf3 Qg5 22. Kh1 a6 23. Rfe1 Rac8 24. Re5 Qf6 25. Re2 Qg6 26. Qe5 Rc4 27. Red2
Rh4 28. Kh2 Kf8 29. Rd4 Rxd4 30. Rxd4 Qf6 31. Qxf6 gxf6 32. c4 Bf5 33. Rxd5 Rxd5
34. Bxd5 b6 35. a3 Bc2 36. Bb7 a5 37. b4 Ke7 38. c5 axb4 39. axb4 bxc5 40. bxc5
Bb3 41. Kg3 Be6 42. Kh4 Kf8 43. Kh5 Kg7 44. f3 f5 45. Kh4 Kf6 46. f4 Kg6 47. Kg3
Kf6 48. Kf3 Ke7 49. Ke3 Kd7 50. Kd4 f6 51. Bd5 1-0

[Event "TCh-TUR Super League 2014"]
[Site "Kocaeli TUR"]
[Date "2014.08.26"]
[Round "9.5"]
[Board "1"]
[White "Ding, Liren"]
[Black "Yilmaz, Mustafa"]
[Result "1/2-1/2"]
[WhiteTitle "GM"]
[BlackTitle "GM"]
[WhiteElo "2742"]
[BlackElo "2569"]
[WhiteTeam "T.S. Alyans Satranc Spor Kulubu"]
[BlackTeam "Hatay Buyuksehir Belediye Genclik VE Spor Kulubu"]
[WhiteFideId "8603677"]
[BlackFideId "6302718"]
[EventDate "2014.08.18"]

1. d4 d5 2. c4 c6 3. Nc3 Nf6 4. e3 a6 5. Nf3 Bf5 6. Ne5 Nbd7 7. Qb3 Qc7 8. cxd5
Nxe5 9. dxe5 Nxd5 10. Nxd5 cxd5 11. Bd2 e6 12. Rc1 Qd7 13. Be2 Be7 14. Ba5 Bd8
15. Bb4 f6 16. Bc3 Rc8 17. O-O O-O 18. Rfd1 fxe5 19. Bxe5 Bh4 20. Qb4 Be7 21.
Qd4 Bc2 22. Bxg7 Bc5 23. Qd2 Bb4 24. Qxb4 Bxd1 25. Rxd1 Qxg7 26. Rd4 Kh8 27. g3
e5 28. Rd2 Rcd8 29. Bf1 d4 30. exd4 exd4 31. Bd3 Rfe8 32. Rd1 Re6 33. Rc1 Rf6
34. Re1 Rf7 35. Re4 Rdf8 36. Rh4 Qf6 37. Rf4 Qg7 38. Rh4 Qf6 39. Rf4 Qg5 40.
Rxf7 Rxf7 41. Qxd4+ Qf6 42. Qxf6+ Rxf6 43. Kf1 Rb6 44. b3 Re6 45. a4 Kg7 46. Bc4
Re5 47. f4 Re3 48. Kg2 Rc3 49. Kh3 Rc2 50. a5 Rd2 51. Be6 Rd6 52. Bc4 Kf6 53. g4
h6 54. Kg3 b5 55. axb6 Rxb6 56. h4 a5 57. g5+ hxg5 58. hxg5+ Kf5 59. Bd3+ Ke6
60. Kg4 Rb4 61. Bf5+ Ke7 62. Bc2 Ke6 63. Kf3 Rb8 64. Ke4 Rb4+ 65. Ke3 Kd6 66.
Kf3 Ke6 67. Kg3 Rd4 68. Kg4 Rb4 69. Kf3 Kd6 70. Ke3 Ke6 71. f5+ Ke5 72. Kd2 Rg4
73. g6 Kf6 74. Kc3 Rf4 75. Bd3 a4 76. bxa4 Ke5 1/2-1/2

[Event "TCh-TUR Super League 2014"]
[Site "Kocaeli TUR"]
[Date "2014.08.26"]
[Round "9.5"]
[Board "3"]
[White "Haznedaroglu, Kivanc"]
[Black "Kazhgaleyev, Murtas"]
[Result "0-1"]
[WhiteTitle "GM"]
[BlackTitle "GM"]
[WhiteElo "2471"]
[BlackElo "2563"]
[WhiteTeam "T.S. Alyans Satranc Spor Kulubu"]
[BlackTeam "Hatay Buyuksehir Belediye Genclik VE Spor Kulubu"]
[WhiteFideId "6300634"]
[BlackFideId "13700316"]
[EventDate "2014.08.18"]

1. e4 e6 2. Qe2 c5 3. Nf3 Nc6 4. g3 g6 5. Bg2 Bg7 6. O-O Nf6 7. d3 O-O 8. Re1 d5
9. e5 Nd7 10. Bf4 h6 11. h4 f6 12. exf6 Qxf6 13. d4 cxd4 14. Qxe6+ Qxe6 15. Rxe6
Rxf4 16. gxf4 Nf6 17. Rd6 Kf7 18. Ne5+ Ke7 19. Rxc6 bxc6 20. Nxc6+ Kd6 21. Nxd4
Nh5 22. c3 Rb8 23. Na3 Bxd4 24. cxd4 Rxb2 25. Rb1 Rxb1+ 26. Nxb1 Nxf4 27. Nc3
Bb7 28. Kh2 Bc6 29. Bh3 Nd3 30. Kg3 Nb4 31. Bf1 Be8 32. Bg2 a5 33. Bf3 Nc2 34.
Bxd5 Nxd4 35. Be4 Kc5 36. f4 Kb4 37. Nd5+ Ka3 38. Nf6 Bf7 39. Ng4 Nf5+ 40. Kf2
Kxa2 41. Ne5 Be6 42. Bc2 Kb2 43. Ba4 Nxh4 44. Be8 Bb3 45. Nd3+ Kc3 46. Nc5 Bc2
47. Ke2 Nf5 0-1

[Event "TCh-TUR Super League 2014"]
[Site "Kocaeli TUR"]
[Date "2014.08.26"]
[Round "9.5"]
[Board "4"]
[White "Ali Marandi, Cemil Can"]
[Black "Yilmazyerli, Mert"]
[Result "1/2-1/2"]
[WhiteTitle "IM"]
[BlackTitle "FM"]
[WhiteElo "2397"]
[BlackElo "2454"]
[WhiteTeam "Hatay Buyuksehir Belediye Genclik VE Spor Kulubu"]
[BlackTeam "T.S. Alyans Satranc Spor Kulubu"]
[WhiteFideId "6300529"]
[BlackFideId "6305962"]
[EventDate "2014.08.18"]

1. e4 g6 2. d4 Bg7 3. Nc3 d6 4. f4 Nf6 5. Nf3 c5 6. Bb5+ Bd7 7. e5 Ng4 8. Bxd7+
Qxd7 9. h3 cxd4 10. Qxd4 Nh6 11. Qf2 Nc6 12. Bd2 Rc8 13. O-O-O b5 14. g4 b4 15.
Ne4 Qc7 16. exd6 exd6 17. Bxb4 O-O 18. Bc3 d5 19. Bxg7 Kxg7 20. Rxd5 Qxf4+ 21.
Nfd2 Qxf2 22. Nxf2 Nb4 23. Rd7 Nxa2+ 24. Kb1 Rfd8 1/2-1/2

[Event "TCh-TUR Super League 2014"]
[Site "Kocaeli TUR"]
[Date "2014.08.26"]
[Round "9.5"]
[Board "5"]
[White "Arduman, Can"]
[Black "Gulbas, Cemil"]
[Result "1/2-1/2"]
[WhiteTitle "IM"]
[BlackTitle "IM"]
[WhiteElo "2347"]
[BlackElo "2365"]
[WhiteTeam "T.S. Alyans Satranc Spor Kulubu"]
[BlackTeam "Hatay Buyuksehir Belediye Genclik VE Spor Kulubu"]
[WhiteFideId "6300022"]
[BlackFideId "201820"]
[EventDate "2014.08.18"]

1. c4 e5 2. Nc3 Nf6 3. Nf3 Nc6 4. g3 d5 5. cxd5 Nxd5 6. Bg2 Nb6 7. d3 Be7 8. a3
O-O 9. O-O Re8 10. Be3 Bf8 11. Rc1 Nd4 12. Bxd4 exd4 13. Ne4 g6 14. Qd2 Bg7 15.
Nc5 c6 16. Rfe1 Nd5 17. Nb3 Nc7 18. Na5 Nd5 19. Nb3 Nc7 20. Na5 Nd5 21. Nb3 Nc7
22. Na5 1/2-1/2

[Event "TCh-TUR Super League 2014"]
[Site "Kocaeli TUR"]
[Date "2014.08.26"]
[Round "9.5"]
[Board "6"]
[White "Batsiashvili, Nino"]
[Black "Soydan, Busra"]
[Result "1/2-1/2"]
[WhiteTitle "IM"]
[WhiteElo "2435"]
[BlackElo "1762"]
[WhiteTeam "Hatay Buyuksehir Belediye Genclik VE Spor Kulubu"]
[BlackTeam "T.S. Alyans Satranc Spor Kulubu"]
[WhiteFideId "13602993"]
[BlackFideId "6318673"]
[EventDate "2014.08.18"]

1. d4 Nf6 2. c4 c5 3. d5 b5 4. cxb5 a6 5. b6 d6 6. Nc3 Qxb6 7. e4 g6 8. a4 Bg7
9. a5 Qb7 10. Nf3 Bg4 11. Be2 Bxf3 12. Bxf3 Nbd7 13. O-O O-O 14. Be2 Ne8 15. Qa4
Ndf6 16. Rb1 Rb8 17. Qc6 Nc7 18. Be3 Rfc8 19. Rfd1 Qb4 20. e5 Nfe8 21. e6 Nxe6
22. Qxa6 N6c7 23. Qc6 Qxa5 24. Qd7 e6 25. dxe6 fxe6 26. Bg4 Nf6 27. Bxe6+ Kh8
28. Qxc8+ Rxc8 29. Bxc8 d5 30. Bf4 d4 31. Ra1 Qb6 32. Na4 Qc6 33. Bh3 Ncd5 34.
Be5 Ne4 35. Bxg7+ Kxg7 36. Bg4 Ndf6 37. Be2 h5 38. b4 cxb4 39. Rxd4 Nc3 40. Nxc3
Qxc3 41. Rad1 Qc2 42. R4d2 Qc3 43. Bd3 b3 44. Bb1 Ng4 45. h3 Ne5 46. Re2 Nc4 47.
Re6 Ne5 48. Kh2 Kf7 49. Red6 g5 50. Be4 g4 51. hxg4 hxg4 52. Kg1 g3 53. R6d2 Qc5
54. Bd5+ Kg7 55. Bxb3 gxf2+ 56. Rxf2 Ng4 57. Rf1 Nxf2 58. Rxf2 Qc1+ 59. Kh2 Qh6+
60. Kg3 Qg5+ 61. Kf3 Qf5+ 62. Kg3 Qg5+ 63. Kh2 Qh6+ 64. Kg1 Qc1+ 65. Kh2 Qh6+
66. Kg1 Qc1+ 67. Kh2 1/2-1/2